ਸਵਰਾਜ / (Record no. 88298)

MARC details
000 -LEADER
fixed length control field 00954nam a22002417a 4500
005 - DATE AND TIME OF LATEST TRANSACTION
control field 20141111154500.0
008 - FIXED-LENGTH DATA ELEMENTS--GENERAL INFORMATION
fixed length control field 090728t xxu||||| |||| 00| 0 pun d
010 ## - LCCN (DPL NO)
LC control number PUN- B-577531-534
020 ## - INTERNATIONAL STANDARD BOOK NUMBER
Terms of availability 150.00
International Standard Book Number 9789351133483
035 ## - SYSTEM CONTROL NUMBER
System control number PN- B-577531-534
037 ## - SOURCE OF ACQUISITION
Source of stock number/acquisition DBAD / PUB/Unistar Books
037 ## - SOURCE OF ACQUISITION
Source of stock number/acquisition star publications/ven
040 ## - CATALOGING SOURCE
Original cataloging agency dpl
Language of cataloging PN
082 ## - DEWEY DECIMAL CLASSIFICATION NUMBER
Classification number 921
100 ## - MAIN ENTRY--PERSONAL NAME
9 (RLIN) 37323
Personal name ਕੇਸਰੀਵਾਲ,ਅਰਵਿੰਦ
245 ## - TITLE STATEMENT
Title ਸਵਰਾਜ /
Statement of responsibility, etc ਅਰਵਿੰਦ ਕੇਸਰੀਵਾਲ
246 ## - VARYING FORM OF TITLE
Title proper/short title Swaraj
Remainder of title by Arvind Kesriwal
260 ## - PUBLICATION, DISTRIBUTION, ETC. (IMPRINT)
Place of publication, distribution, etc Chandigarh
Name of publisher, distributor, etc Unistar Books
Date of publication, distribution, etc 2014
270 ## - ADDRESS
Address sco 26, 27, sector-34 A
City Chandigarh
300 ## - PHYSICAL DESCRIPTION
Extent 143ਪਂ
Other physical details 22ਸੇਂਮੀ(ਅਜਿਲੱਦ)
942 ## - ADDED ENTRY ELEMENTS (KOHA)
Source of classification or shelving scheme Dewey Decimal Classification
Item type Punjabi Bks
Classification part 921
Call number suffix ਕੇਸਰੀ
Holdings
Withdrawn status Lost status Source of classification or shelving scheme Damaged status Not for loan Collection code Home library Current library Date acquired Source of acquisition Cost, normal purchase price Total Checkouts Full call number Date last seen Copy number Cost, replacement price Koha item type Barcode Total Renewals
    Dewey Decimal Classification     Non-fiction Central Library Central Library 11/11/2014 BPPD/164/27.8.14/sp3624/4.9.14/8.10.14 150.00 1 921 ਕੇਸਰੀ 29/05/2017 1 150.00 Punjabi Bks B-577531  
    Dewey Decimal Classification     Non-fiction D.B.Act.Division D.B.Act.Division 04/09/2014 DBAD / PUB 150.00   921 ਕੇਸਰੀ 04/09/2014 1 150.00 Punjabi Bks    
    Dewey Decimal Classification     Non-fiction Janak Puri Janak Puri 11/11/2014 BPPD/164/27.8.14/sp3624/4.9.14/8.10.14 150.00 2 921 ਕੇਸਰੀ 11/06/2024 1 150.00 Punjabi Bks B-577533 2
    Dewey Decimal Classification     Non-fiction Mobile Library Mobile Library 11/11/2014 BPPD/164/27.8.14/sp3624/4.9.14/8.10.14 150.00   921 ਕੇਸਰੀ 11/11/2014 1 150.00 Punjabi Bks B-577532  
    Dewey Decimal Classification     Non-fiction R.K.Puram-8 R.K.Puram-8 11/11/2014 BPPD/164/27.8.14/sp3624/4.9.14/8.10.14 150.00   921 ਕੇਸਰੀ 11/11/2014 1 150.00 Punjabi Bks B-577534  

© Delhi Public Library
Hit Counter
free hit counter